000 00723nam a2200229Ia 4500
003 OSt
005 20220927105427.0
006 a|||||r|||| 00| 0
007 ta
008 220926b |||||||| |||| 00| 0 eng d
024 _a187594
037 _cReference Collections
040 _aRTL
_cRTL
_beng
041 _2eng
_aeng
082 _a"X:57.56124.N33, G3"
100 _a"Cole G. D. H. ,Ed."
_9372378
245 0 _aWhat everybody wants to know about money
_bA planned outline of monetary problems
260 _aLondon
_bVictor Gollancz Ltd.
_c1933
300 _a544p
_ccm.
942 _h"X:57.56124.N33, G3"
_cCC
999 _c692464
_d692464